Statistics for Four Countries with Similar Flags

Click here to take the quiz!

General Stats

  • This quiz has been taken 81 times
  • The average score is 13 of 16

Answer Stats

Answer % Correct
Norway
100%
Finland
99%
Iceland
98%
Denmark
98%
Argentina
91%
Romania
90%
Andorra
85%
Moldova
83%
Honduras
81%
Chad
79%
Nicaragua
78%
Tanzania
75%
El Salvador
75%
D.R. Congo
74%
St. Kitts & Nevis
69%
Namibia
65%

Score Distribution

Percentile by Number Answered

Percent of People with Each Score

Your Score History

You have not taken this quiz